000 00696nam a2200217Ia 4500
003 OSt
005 20220925202925.0
006 a|||||r|||| 00| 0
007 ta
008 220923b |||||||| |||| 00| 0 eng d
037 _cGeneral Book
040 _aRTL
_cRTL
_beng
041 _2eng
_aeng
245 0 _aEssays on growth and convergence
260 _aDelhi
_bUniversity of Delhi
_c2001
300 _a139p Bibliography at the end
_ccm.
490 _aUniversity of Delhi, Economics, (Deptt. of-)Dissertation. Dissertation, University of Delhi, Economics, (Deptt. of-
650 _aEconomic Development irt Mathematics
_9264562
942 _cGB
_2CC
999 _c544623
_d544623